000 00989nam0a2200301 4500
001 RU\NLR\BIBL_A\016236658
005 20250625004551.0
010 _a5-7696-0565-0
_95000
021 _aRU
_b220894
_94090/18
035 _a(NLR Aleph) 016236658
090 _a12784447
_c12784447
100 _a20221213d1994 |||y0rusy50 ca
101 0 _asah
102 _aRU
105 _ag z 000 y
181 0 _ai
_baxxe
182 0 _an
200 1 _aБастакы хаар сылаас нуолура
_fМарфа Данилова
203 _aТекст
_bвизуальный
_cнепосредственный
210 _aДьокуускай
_cБичик
_d1994
215 _a101, [2] с.
_cноты
_d20
541 1 _aТеплынь первого снега
_zrus
686 1 _aЩ94 я438
700 1 _aДанилова
_bМ. Т.
_f1932-2020
_gМарфа Тихоновна
_4070
852 _aNLR
_bОНЛ
_jЯкут./3-3367
942 _cBOOK
980 _aNB